Statistics for Directors of Best Picture Nominees - 2010s

Click here to take the quiz!

General Stats

  • This quiz has been taken 39 times
  • The average score is 49 of 89

Answer Stats

YearFilmDirector% Correct
2018DunkirkChristopher Nolan
95%
2011InceptionChristopher Nolan
95%
2014The Wolf of Wall StreetMartin Scorsese
92%
2012HugoMartin Scorsese
92%
2013Django UnchainedQuentin Tarantino
92%
2010Inglourious BasterdsQuentin Tarantino
92%
2017La La LandDamien Chazelle
86%
2015WhiplashDamien Chazelle
86%
2018Phantom ThreadPaul Thomas Anderson
86%
2015The Grand Budapest HotelWes Anderson
86%
2018The Shape of WaterGuillermo del Toro
84%
2011The Social NetworkDavid Fincher
84%
2018Lady BirdGreta Gerwig
84%
2010AvatarJames Cameron
84%
2018Get OutJordan Peele
84%
2019BlacKkKlansmanSpike Lee
84%
2016Bridge of SpiesSteven Spielberg
84%
2013LincolnSteven Spielberg
84%
2012War HorseSteven Spielberg
84%
2018The PostSteven Spielberg
84%
2019A Star Is BornBradley Cooper
81%
2015BirdmanAlejandro G. Iñárritu
78%
2016The RevenantAlejandro G. Iñárritu
78%
2013ArgoBen Affleck
78%
2013Life of PiAng Lee
73%
2010The Hurt LockerKathryn Bigelow
73%
2013Zero Dark ThirtyKathryn Bigelow
73%
2014GravityAlfonso Cuarón
68%
2019RomaAlfonso Cuarón
68%
2016The MartianRidley Scott
68%
2014HerSpike Jonze
68%
2012Midnight in ParisWoody Allen
68%
2016The Big ShortAdam McKay
65%
2019ViceAdam McKay
65%
2015American SniperClint Eastwood
65%
2017ArrivalDenis Villeneuve
65%
2011True GritJoel Coen / Ethan Coen
65%
2010A Serious ManJoel Coen / Ethan Coen
65%
2017Hacksaw RidgeMel Gibson
65%
2011Black SwanDarren Aronofsky
62%
201412 Years a SlaveSteve McQueen
59%
2019The FavouriteYorgos Lanthimos
59%
2011The King's SpeechTom Hooper
57%
2011The FighterDavid O. Russell
57%
2013Silver Linings PlaybookDavid O. Russell
57%
2014American HustleDavid O. Russell
57%
2015BoyhoodRichard Linklater
57%
2012The Tree of LifeTerrence Malick
57%
2013Les MisérablesTom Hooper
57%
2016Mad Max: Fury RoadGeorge Miller
54%
2017MoonlightBarry Jenkins
51%
2011127 HoursDanny Boyle
51%
2018Three Billboards Outside Ebbing, MissouriMartin McDonagh
51%
2012The ArtistMichel Hazanavicius
49%
2017FencesDenzel Washington
49%
2019Black PantherRyan Coogler
49%
2014NebraskaAlexander Payne
46%
2012The DescendantsAlexander Payne
46%
2012MoneyballBennett Miller
43%
2019Bohemian RhapsodyBryan Singer
43%
2011Toy Story 3Lee Unkrich
41%
2013AmourMichael Haneke
41%
2019Green BookPeter Farrelly
38%
2010Up in the AirJason Reitman
35%
2017Manchester by the SeaKenneth Lonergan
35%
2010District 9Neill Blomkamp
35%
2014Captain PhillipsPaul Greengrass
35%
2010UpPete Docter
35%
2018Call Me by Your NameLuca Guadagnino
32%
2015SelmaAva DuVernay
27%
2018Darkest HourJoe Wright
27%
2016RoomLenny Abrahamson
27%
2013Beasts of the Southern WildBenh Zeitlin
24%
2014Dallas Buyers ClubJean-Marc Vallée
24%
2015The Imitation GameMorten Tyldum
24%
2016SpotlightTom McCarthy
24%
2017LionGarth Davis
22%
2010PreciousLee Daniels
22%
2014PhilomenaStephen Frears
22%
2012Extremely Loud & Incredibly CloseStephen Daldry
19%
2011Winter's BoneDebra Granik
14%
2016BrooklynJohn Crowley
14%
2011The Kids Are All RightLisa Cholodenko
14%
2012The HelpTate Taylor
14%
2017Hell or High WaterDavid Mackenzie
11%
2017Hidden FiguresTheodore Melfi
11%
2015The Theory of EverythingJames Marsh
8%
2010The Blind SideJohn Lee Hancock
8%
2010An EducationLone Scherfig
8%

Score Distribution

Percentile by Number Answered

Percent of People with Each Score

Your Score History

You have not taken this quiz